Más sabe el pueblo ... Anécdotas y testimonios de educadores populares latinoamericanos /
Guardado en:
| Hovedforfatter: | |
|---|---|
| Format: | Bog |
| Sprog: | Spanish |
| Udgivet: |
Jalisco, México
Instituto Mexicano para el Desarrollo Comunitario
1990
|
| Fag: | |
| Tags: |
Tilføj Tag
Ingen Tags, Vær først til at tagge denne postø!
|
MARC
| LEADER | 00000nam a22000007a 4500 | ||
|---|---|---|---|
| 003 | cru CIDCACS/IIS | ||
| 005 | 20180711171026.0 | ||
| 008 | 180601b1990 mx o|||| |||| 00| 0 spa d | ||
| 999 | |c 41506 |d 41506 | ||
| 040 | |c cru CIDCACS/IIS | ||
| 090 | |a 06.03.05 N973m | ||
| 100 | 1 | |9 7331 |a Núñez, Carlos | |
| 245 | 1 | 0 | |a Más sabe el pueblo ... |b Anécdotas y testimonios de educadores populares latinoamericanos / |c Carlos Núñez |
| 260 | |a Jalisco, México |b Instituto Mexicano para el Desarrollo Comunitario |c 1990 | ||
| 300 | |a 137 páginas | ||
| 500 | |a Colección Alforja | ||
| 650 | 1 | 0 | |9 291 |a EDUCACION POPULAR |
| 650 | 0 | |a TESTIMONIO ORAL |9 4645 | |
| 942 | |2 ddc |c LI | ||
